000
00224nam a2200097Ia 4500
008
170619s9999 xx 000 0 und d
100
_a
Proakis- John G.
245
0
_a
Digital Communication
260
_b
Mc Graw Hill
260
_c
2001
546
_a
ENGLISH
999
_c
16943
_d
16943